El regreso de Don Quijote / (Record no. 206889)
[ view plain ]
| 000 -CABECERA | |
|---|---|
| campo de control de longitud fija | 00837cam a2200253 a 4500 |
| 005 - FECHA Y HORA DE LA ÚLTIMA TRANSACCIÓN | |
| campo de control | 20240214063603.0 |
| 008 - ELEMENTOS DE LONGITUD FIJA--INFORMACIÓN GENERAL | |
| campo de control de longitud fija | 191211s2005 sp gr 000 f spa d |
| 020 ## - NÚMERO INTERNACIONAL NORMALIZADO PARA LIBROS | |
| Número Internacional Estándar del Libro | 8477024812 |
| 035 ## - NÚMERO DE CONTROL DEL SISTEMA | |
| Número de control de sistema | UPN01000234794 |
| 040 ## - FUENTE DE LA CATALOGACIÓN | |
| Centro catalogador/agencia de origen | MX-MxUPN |
| Lengua de catalogación | spa |
| Centro/agencia transcriptor | MX-MxUPN |
| 050 14 - SIGNATURA TOPOGRÁFICA DE LA BIBLIOTECA DEL CONGRESO | |
| Número de clasificación | PR4453 C4 |
| Número de documento/Ítem | R4.4 |
| 100 1# - ASIENTO PRINCIPAL--NOMBRE PERSONAL | |
| Nombre de persona | Chesterton, G. K. |
| Forma completa/desarrollada del nombre | (Gilbert Keith), |
| Fechas asociadas al nombre | 1874-1936 |
| 9 (RLIN) | 30482 |
| 245 13 - MENCIÓN DE TÍTULO | |
| Título | El regreso de Don Quijote / |
| Mención de responsabilidad, etc. | G.K. Chesterton ; traducción de José Luis Moreno-Ruiz |
| 250 ## - MENCIÓN DE EDICIÓN | |
| Mención de edición | 2a edición |
| 260 ## - PUBLICACIÓN, DISTRIBUCIÓN, ETC. | |
| Lugar de publicación, distribución, etc. | Madrid : |
| Nombre del editor, distribuidor, etc. | Valdemar, |
| Fecha de publicación, distribución, etc. | 2005. |
| 300 ## - DESCRIPCIÓN FÍSICA | |
| Extensión | 388 páginas |
| 490 ## - MENCIÓN DE SERIE | |
| Mención de serie | El club de Diógenes ; |
| Designación de volumen o secuencia | 215 |
| 500 ## - NOTA GENERAL | |
| Nota general | Título original: The return of Don Quixote. |
| 650 #4 - ASIENTO SECUNDARIO DE MATERIA - TERMINO TEMATICO | |
| Término de materia o nombre geográfico como elemento de entrada | Novela inglesa |
| Subdivisión cronológica | Siglo XX |
| 9 (RLIN) | 25744 |
| 700 1# - ASIENTO SECUNDARIO--NOMBRE DE PERSONAL | |
| Nombre de persona | Moreno Ruiz, José L., |
| Fechas asociadas al nombre | 1953-2021 |
| Término indicativo de función/relación | traductor |
| 9 (RLIN) | 44561 |
| 905 ## - TIPO DE MATERIAL | |
| Tipo de material | Libro |
| 942 ## - ELEMENTOS DE PUNTO DE ACCESO ADICIONAL (KOHA) | |
| Fuente del sistema de clasificación o colocación | Library of Congress Classification |
| Tipo de ítem Koha | Libro |
| Estado de retiro | Estado de pérdida | Fuente del sistema de clasificación o colocación | Estado dañado | No para préstamo | Código de colección | Localización permanente | Ubicación/localización actual | Ubicación en estantería | Fecha de adquisición | Clasificación | Código de barras | Fecha visto por última vez | Tipo de ítem Koha |
|---|---|---|---|---|---|---|---|---|---|---|---|---|---|
| Library of Congress Classification | Colección General | Bib. Gregorio Torres Quintero | Bib. Gregorio Torres Quintero | Planta baja | 25/05/2022 | PR4453 C4 R4.4 | 334316 | 31/12/2020 | Libro |
